• 首页
  • 本馆介绍
  • 公告通知
  • 最新文献
  • 馆藏检索
  • 电子资源
  • 读者导购
  • 参考咨询
  • 我的图书馆
  • 登录
  • 详细信息显示
  • 放入我的书架
  • 预约/预借图书
  • 作者相关作品
  • 分类相关作品
  • 丛书相关作品
  • 出版社相关作品

书目信息

  • 表格格式
  • 工作单格式
  • 卡片格式
题名:
艺术研究通讯
    
 
作者: 韩刚 主编
分册:  
出版信息: 成都   四川大学出版社  2019
页数: 372页
开本: 26cm
丛书名:
单 册:
中图分类: J05-53 , J120.92-53
科图分类:
主题词: 艺术评论--文集 , 美术史--中国--古代--文集
电子资源:
ISBN: 978-7-5690-2627-6
000 00905nam0 2200253 45
001 438701
005 20140101175024.0
010    @a978-7-5690-2627-6@dCNY168.00
100    @a20190110d2019 em y0chiy0110 ea
101 0  @achi
102    @aCN@b510000
105    @ay z 000yy
106    @ar
200 1  @a艺术研究通讯@9yi shu yan jiu tong xun@f韩刚主编
210    @a成都@c四川大学出版社@d2019
215    @a372页@d26cm
330    @a该书为中国古代美术史论领域的学术论文集,收论文13篇,分宗教美术、画作、画论、画史、书法研究五个专栏,对相关问题展开深入研究与讨论;又设中国画与书法创作栏目,旨在全面展示川大艺术学院中国古代美术理论研究与中国画、书法专业创作水平及学术影响力。
606 0  @a艺术评论@j文集
606 0  @a美术史@y中国@z古代@j文集
690    @aJ05-53@v5
690    @aJ120.92-53@v5
701  0 @a韩刚@9han gang@4主编
801  2 @aCN@b上海新华@c20191020
905    @b1186095-8@dJ05-53@e489@f4
    
    艺术研究通讯/韩刚主编.-成都:四川大学出版社,2019
    372页;26cm
    
    
    ISBN 978-7-5690-2627-6:CNY168.00
    该书为中国古代美术史论领域的学术论文集,收论文13篇,分宗教美术、画作、画论、画史、书法研究五个专栏,对相关问题展开深入研究与讨论;又设中国画与书法创作栏目,旨在全面展示川大艺术学院中国古代美术理论研究与中国画、书法专业创作水平及学术影响力。
●
相关链接 在E读中查询图书 在五车中查询图书 在当当中查询图书 在豆瓣中查询图书


正题名:艺术研究通讯     索取号:J05-53/489         预约/预借

序号 登录号 条形码 馆藏地/架位号 状态 备注
1 1186095   211860958   第一样本阅览室/ [索取号:J05-53/489] 在馆    
2 1186096   211860967   第一借阅区/ [索取号:J05-53/489] 在馆    
3 1186097   211860976   第一借阅区/ [索取号:J05-53/489] 在馆    
4 1186098   211860985   第一借阅区/ [索取号:J05-53/489] 在馆    
唐山师范学院图书馆 欢迎您!
大连网信软件有限公司© 版权所有